| 000 | 00417nam a2200181Ia 4500 | ||
|---|---|---|---|
| 005 | 20250603144823.0 | ||
| 008 | 250603s9999 xx 000 0 und d | ||
| 020 | _a9788770041973 | ||
| 050 | _aQA 76.6 .P36/ | ||
| 100 | _aPakdel, Majid | ||
| 245 | 0 | _aDSP 320F28335 Programming | |
| 260 | _aNew York | ||
| 260 | _bRoutledge | ||
| 260 | _c2024 | ||
| 300 | _aix, 133p.: ill. | ||
| 650 | _aNew York | ||
| 942 | _cBK | ||
| 999 |
_c40049 _d40049 |
||